000 00348nam a2200133Ia 4500
008 220217s9999||||xx |||||||||||||| ||und||
020 _a81-7808-550-2
082 _a004 MOR
100 _aMoret, Bernard, M
245 0 _aTheory of computation
260 _aPearson education asia
_bDelhi
_c2002
300 _b225
650 _aCOMPUTER SCIENCE
999 _c170759
_d170759